Um saltinho a Lisboa (Registo nº 1247)

Detalhes MARC
000 -Etiqueta do registo
Cabeçalho 00820cam a2200289 4500
005 - Identificador da versão
Campo de controlo 20240813121830.0
010 ## - Número internacional normalizado dos livros (ISBN)
Número (ISBN) 9728579519
021 ## - Número do Depósito Legal
Código do país PT
Número 175041/02
Código do país PT
Número 175041/02
Código do país PT
Número 207992/04
100 ## - Dados gerais de processamento
Dados gerais de processamento 20160222d2002 da y0pory5003 ba
102 ## - Pais de publicação ou produção
País de publicação Portugal
101 0# - Língua de publicação
Língua do texto, banda sonora, etc. Português
215 ## - Descrição física 
Indicação específica da natureza do documento e extensão da espécie [36] p.
Outras indicações físicas muito il. color
200 1# - Titulo e menção de responsabilidade
Título próprio Um saltinho a Lisboa
Primeira menção de responsabilidade texto Isabel Zambujal
Outras menções de responsabilidade il. João Fazenda
205 ## - Menção da edição
Menção da edição 5ª ed
210 ## - Publicação, Distribuição, etc. 
Lugar da edição, distribuição, etc. Lisboa
Nome do editor, distribuidor, etc. Oficina do Livro
Data da publicação, distribuição, etc. 2005
300 ## - Notas gerais 
Texto da nota Plano Nacional de Leitura
606 ## - Nome comum usado como assunto
Número de registo de entrada de autoridade 0002149
Palavra de ordem História
Subdivisão de assunto Portugal
Código do sistema CA
675 ## - Classificação Decimal Universal (CDU)
Notação 94(469)
Edição 3ª ed.
Língua da edição por
702 #1 - Nome de autor-pessoa física (responsabilidade secundária)
Número de registo de entrada de autoridade 0001756
Palavra de ordem Fazenda
Outra parte do nome não tomada para palavra de ordem João
Datas 1979-
Código de função Ilustrador / Técnico de desenho computorizado
700 #1 - Nome de autor-pessoa física (responsabilidade principal)
Número de registo de entrada de autoridade 0001755
Palavra de ordem Zambujal
Outra parte do nome não tomada para palavra de ordem Isabel
966 ## - Identificação da Biblioteca
Sigla EB2,3ENM
942 ## - Elementos de entrada adicionados (Koha)
Tipo de item no Koha Livro
Exemplares
Situação do levantamento Origin of item (home branch) (coded) Biblioteca de empréstimo Código de barras Cota Circulation type (not for loan) Tipo de documento Nota do exemplar Damaged status
  Biblioteca Escolar Eng. Nuno Mergulhão Biblioteca Escolar Eng. Nuno Mergulhão BENM2604 94(469) ZAM PNL   Livro Sem mensagem